Culture Générale - Série 1588 - Statistiques

Statistiques générales
  • Ce quiz a été pris 142 fois
  • Le résultat moyen est 6 sur 10
Statistiques - réponses
Question Réponse % Correct
Quelle ville française est le siège de la Cour européenne des droits de l'homme ? Strasbourg
88%
Vers 1915, dans quel pays “La Cucaracha” est-elle devenue un chant révolutionnaire ? Mexique
85%
Dans quelle capitale européenne est née Marie Curie ? Varsovie
84%
Dans la série télévisée du même nom, quel acteur incarne l'inspecteur Columbo ? Peter Falk
68%
Quel est l'équivalent de la Croix-Rouge Internationale active dans les pays musulmans ? Le Croissant-Rouge
64%
Quelle jeune chanteuse originaire de la Barbade a intitulé son quatrième album "Rated R" ? Rihanna
63%
Dans le titre “Comme ils disent” de 1973, quel chanteur a “une tortue, deux canaris et une chatte” pour lui tenir compagnie ? Charles Aznavour
56%
Comment s'appellent les habitant de Trouville-sur-Mer dans le Calvados ? Trouvillais
36%
Quelle ville allemande organise chaque année un festival d'opéras wagnériens ? Bayreuth
34%
Avant de représenter la France en solo à l'Eurovision 1990, de quel groupe antillais Joëlle Ursull a-t-elle fait partie ? Zouk Machine
24%
Aucun quiz correspondant
Distribution des résultats
% des personnes avec chaque résultat
Percentile par nombre de réponses
Votre historique - résultats
Vous n’avez pas pris ce quiz